Feyenoord Squad 23/24 - Statistics

General Stats
  • This quiz has been taken 161 times
  • The average score is 21 of 27
Answer Stats
# Nation Former Club Answer % Correct
29 Mexico Cruz Azul Santiago Gimenez
95%
1 Netherlands Youth Justin Bijlow
94%
9 Japan Cercle Brugge Ayase Ueda
89%
4 Netherlands Youth Lutsharel Geertruida
89%
5 Netherlands Youth Quilindschy Hartman
89%
6 Algeria FC Twente Ramiz Zerrouki
89%
10 Netherlands OGC Nice Calvin Stengs
87%
14 Brazil Coritiba Igor Paixao
87%
33 Slovakia Sparta Praha David Hancko
86%
18 Austria LASK Linz Gernot Trauner
86%
8 Netherlands FC Utrecht Quinten Timber
86%
19 Gambia Odense Yankuba Minteh
86%
2 Netherlands Union SG Bart Nieuwkoop
84%
20 Netherlands Excelsior Mats Wieffer
82%
3 Netherlands PEC Zwolle Thomas Beelen
81%
22 Germany Anderlecht Timon Wellenreuther
79%
17 Croatia Dinamo Zagreb Luka Ivanusec
78%
7 Iran Brighton Alireza Jahanbahksh
77%
25 Slovakia Youth Leo Sauer
75%
15 Peru San Jose Earthquakes Marcos Lopez
74%
32 Czech Rep Slavia Praha Ondrej Lingr
70%
31 Greece Willem II Kostas Lamprou
68%
16 Netherlands PEC Zwolle Thomas van den Belt
66%
11 Netherlands Hertha Javairo Dilrosun
65%
27 Netherlands Youth Antoni Milambo
62%
24 Netherlands Youth Gjivai Zechiel
51%
39 Netherlands Man City Mikki van Sas
25%
No matching quizzes found
Score Distribution
Percent of People with Each Score
Percentile by Number Answered
Your Score History
You have not taken this quiz